000 00392cam a2200169 4500
001 D12485
008 090401t1950 xxu||||| |||| 00| 0 eng d
035 _a(Sirsi) u3767
041 _aeng
110 _aCountry Landowners' Association
_92816
245 _aOpen-cast coal mining
260 _aLondon
_bCLA
_c1950
350 _a0
520 _aShelf 178
942 _n0
948 _c04/03/1997
999 _c85934
_d85934